| 000 | 00730nam a2200181 a 4500 | ||
|---|---|---|---|
| 008 | 150909s2006 ||||||||||||||||| || u | ||
| 050 | _aIBRD(06)PSGA/2006/1 | ||
| 100 | _aShah, Anwar | ||
| 245 | 1 | 0 |
_aLocal governance in industrial countries _cEdited by Anwar Shah |
| 260 |
_aWashington, D.C. _c2006 |
||
| 300 | _axvi, 368p. | ||
| 490 | _aPublic sector governance and accountability | ||
| 650 | _aLOCAL FINANCE--OECD COUNTRIES | ||
| 650 | _aFINANCE, PUBLIC--OECD COUNTRIES | ||
| 650 | _aPUBLIC ADMINISTRATION--OECD COUNTRIES | ||
| 650 | _aLOCAL ADMINISTRATION--OECD COUNTRIES | ||
| 995 |
_FCBU-MAIN LIBRARY (Kitwe) _M1 _UAVAILABLE _WSep 9, 2015 _ZInternational Publications |
||
| 999 |
_c49438 _d49438 |
||